| 000 | 01481naa a22003977a 4500 | ||
|---|---|---|---|
| 001 | BR8303781 | ||
| 003 | BR-BrBNA | ||
| 005 | 20240918175312.0 | ||
| 007 | ta | ||
| 008 | 230509b bl.||||| |||| 00| 0 por d | ||
| 040 |
_aBR-BrBNA _bpor _cBiblioteca Nacional de Agricultura |
||
| 041 | _a(Pt) | ||
| 072 |
_aH10 _b0336 _b4020 _bG514 |
||
| 090 | _aH10 BR8303781 | ||
| 100 | 1 | _aSilva, M.T.B. da | |
| 100 | 1 | _aRuedell, J. | |
| 100 | 1 | _aCopetti, L.C. | |
| 100 | 1 | _aSchimit Filho, C.A. | |
| 100 | 1 | _aBertuol, N. | |
| 100 | 1 | _aMarchetti, H.A. | |
| 100 | 1 | _aTelles, J.E.S. | |
| 100 | 1 | _aFacco, E.J. | |
| 111 | 1 |
_a11. Reuniao de Pesquisa de Soja da Regiao Sul _cSanta Maria, RS (Brazil) _d2-4 Aug 1983 |
|
| 245 | 1 | _aManejo de pragas da soja no Planalto Medio e Missoes do Rio Grande do Sul - safra 1982/83 [Glycine max., lagarta, percevejo, Brasil] | |
| 260 | 3 |
_aCruz Alta, RS (Brasil): _c1983. |
|
| 500 | _aContribuicao do Centro de Experimentacao e Pesquisa a 11. Reuniao de Pesquisa de Soja da Regiao Sul Cruz Alta, RS (Brasil): 1983. p. 205-211 (BR8303781-AM)H10 | ||
| 650 | _aSOJA | ||
| 650 | _aINSETO | ||
| 650 | _aLAGARTA | ||
| 650 | _aPERCEVEJO | ||
| 650 | _aFLUTUACAO POPULACIONAL | ||
| 650 | _aRIO GRANDE DO SUL | ||
| 773 | 0 |
_tContribuicao do Centro de Experimentacao e Pesquisa a 11. Reuniao de Pesquisa de Soja da Regiao Sul _wH10 BR8303781 _gCruz Alta, RS (Brasil), 1983. p. 205-211 |
|
| 909 |
_a202404 _bLucia _c55 _dLucia Elande |
||
| 942 |
_cAM _2AGRIS |
||
| 999 |
_c316059 _d316059 |
||